[Event "Olympiad-38"]
[Site "Dresden"]
[Date "2008.11.25"]
[Round "11"]
[White "Stocek, Jiri"]
[Black "Vargas Serano, Pablo"]
[Result "1-0"]
[WhiteElo "2578"]
[BlackElo "1829"]
[PlyCount "65"]
[EventDate "2008.11.13"]
[EventType "team-swiss"]
[EventRounds "11"]
[EventCountry "GER"]
[SourceTitle "CBM 128"]
[Source "ChessBase"]
[SourceDate "2009.01.28"]
[SourceVersion "1"]
[SourceVersionDate "2009.01.28"]
[SourceQuality "1"]
[WhiteTeam "Czech Republic"]
[BlackTeam "Costa Rica"]
[WhiteTeamCountry "CZE"]
[BlackTeamCountry "CRI"]

1. e4 e5 2. Bc4 Nc6 3. Nc3 Nf6 4. d3 Bc5 5. f4 d6 6. Nf3 Bg4 7. Na4 a6 8. Nxc5 dxc5 9. 0-0 Qe7 10. h3 Bxf3 11. Qxf3 Nd7 12. Qf2 0-0-0 13. Bd5 Nb4 14. Bb3 f6 15. a3 Nc6 16. Bd5 Qd6 17. Be3 b6 18. Rad1 Ne7 19. Ba2 Rdf8 20. c3 g5 21. fxg5 fxg5 22. Qe2 Kb7 23. Bxg5 Ng6 24. Bh6 Nf4 25. Bxf4 exf4 26. d4 Qg6 27. e5 Qg5 28. Bd5+ c6 29. Bf3 Re8 30. Qe4 Re6 31. d5 Rxe5 32. dxc6+ Kb8 33. c7+ 1-0

[Event "CRI-ch Phase2 72nd"]
[Site "San Jose"]
[Date "2008.08.30"]
[Round "6"]
[White "Gonzalez Acosta, Bernal Manuel"]
[Black "Vargas Serano, Pablo"]
[Result "1-0"]
[WhiteElo "2423"]
[BlackElo "1829"]
[PlyCount "95"]
[EventDate "2008.08.23"]
[EventType "tourn"]
[EventRounds "9"]
[EventCountry "CRI"]
[SourceTitle "CBM 126 Extra"]
[Source "ChessBase"]
[SourceDate "2008.11.05"]
[SourceVersion "1"]
[SourceVersionDate "2008.11.05"]
[SourceQuality "1"]

1. f4 d6 2. Nf3 Bg4 3. e4 e5 4. h3 Bxf3 5. Qxf3 Nc6 6. Bb5 exf4 7. d4 Qh4+ 8. Kf1 0-0-0 9. Bxc6 bxc6 10. Bxf4 Nf6 11. Nd2 Qh5 12. Kf2 Qxf3+ 13. Kxf3 Nd7 14. c3 Be7 15. g4 Rhf8 16. h4 Nb6 17. a4 Kb7 18. a5 Nd7 19. Nc4 a6 20. b4 Nf6 21. Rae1 d5 22. exd5 Nxd5 23. Re2 Bf6 24. Bd2 Rfe8 25. g5 Rxe2 26. Kxe2 Re8+ 27. Kd3 Bd8 28. Ne5 f6 29. Nd7 f5 30. c4 Ne7 31. Re1 Rg8 32. Nc5+ Ka7 33. Re6 Rf8 34. Nd7 Rf7 35. Ne5 Rf8 36. Bf4 Kb7 37. Nd7 Rf7 38. h5 g6 39. h6 Ka7 40. Ne5 Rf8 41. Rxe7 Bxe7 42. Nxc6+ Kb7 43. Nxe7 Re8 44. Nxg6 Re4 45. Be5 Rg4 46. Bf6 Rg3+ 47. Ke2 hxg6 48. h7 1-0

[Event "CRI-ch Phase1 72nd"]
[Site "Moravia"]
[Date "2008.05.25"]
[Round "9"]
[White "Vargas Serano, Pablo"]
[Black "Machado Ramirez, Allan"]
[Result "1/2-1/2"]
[WhiteElo "1829"]
[BlackElo "2068"]
[PlyCount "24"]
[EventDate "2008.05.17"]
[EventType "swiss"]
[EventRounds "9"]
[EventCountry "CRI"]
[SourceTitle "EXT 2009"]
[Source "ChessBase"]
[SourceDate "2008.11.26"]
[SourceVersion "1"]
[SourceVersionDate "2008.11.26"]
[SourceQuality "1"]

1. d4 Nf6 2. c4 g6 3. Nf3 Bg7 4. Nc3 d6 5. e4 0-0 6. Be2 e5 7. d5 Nbd7 8. Be3 Ne8 9. g4 a6 10. h4 Rb8 11. Qd2 Ra8 12. 0-0-0 Rb8 1/2-1/2